Spoločnými silami sa dá dosiahnúť viac o plánoch občianskeho združenia Mikroregión Borina

Bibliographic Details
Main Author: Oravcová, Natália (Author)
Format: Article
Language:Slovak
PhysicalDescription:Obr.
ISSN:1335-4515
Subjects:

MARC

LEADER 00000nab a2200000 a 4500
001 vtls000842345
003 SK-MaSNL
005 20260303172102.0
008 180205c2003 xo 0 slo
015 |a SNBRB2003/08-22519 
035 |a CLN000194000 
040 |a SNKBUCL  |b slo  |c SNKBUCL  |e AACR2 
041 0 |a slo 
044 |a xo  |c SK 
080 |a 352:061.2(437.6)  |2 UDC-MRF-SK2 
100 1 |a Oravcová, Natália  |4 aut  |9 5790 
245 1 0 |a Spoločnými silami sa dá dosiahnúť viac  |b o plánoch občianskeho združenia Mikroregión Borina  |c Natália Oravcová 
300 |b Obr. 
610 2 7 |a Mikroregión Borina (združenie)  |2 snkbucl  |9 1197163 
655 7 |a články z novín a časopisov  |2 snkbucl  |9 267496 
773 0 |x 1335-4515  |t Národná osveta  |g Roč. 13, č. 6 (2003), s. 7 
850 |a Slovenská národná knižnica v Martine 
852 |a SNK  |b KIS3GCP 
958 |a RBX 
999 |c 2084813  |d 2086743